Ilusiones necesarias: control del pensamiento en las sociedades democráticas
সংরক্ষণ করুন:
| প্রধান লেখক: | |
|---|---|
| বিন্যাস: | গ্রন্থ |
| ভাষা: | স্প্যানিশ |
| প্রকাশিত: |
La Plata
Terramar
2007
|
| সংস্করন: | 1a. ed |
| মালা: | Caronte Ensayos
|
| বিষয়গুলি: | |
| ট্যাগগুলো: |
ট্যাগ যুক্ত করুন
কোনো ট্যাগ নেই, প্রথমজন হিসাবে ট্যাগ করুন!
|
MARC
| LEADER | 00000nam a2200000 a 4500 | ||
|---|---|---|---|
| 001 | UCH4460 | ||
| 003 | CL-VaPUC | ||
| 008 | 090820e20070000AG |||||||||||||||||spa|d | ||
| 020 | |a 9789876170154 | ||
| 082 | 0 | 4 | |a 301 |b CHO |2 21 |
| 100 | 0 | |a Chomsky, Noam |e author |9 320717 | |
| 245 | 1 | 0 | |a Ilusiones necesarias: control del pensamiento en las sociedades democráticas |
| 250 | |a 1a. ed | ||
| 300 | |a 204 p | ||
| 942 | |c BK | ||
| 945 | |d 20090820 00:00:00 |a rbrito | ||
| 260 | |a La Plata |b Terramar |c 2007 | ||
| 650 | 0 | |a Sociología |9 255410 | |
| 583 | |a last modification |c 20090820 00:00:00 |k Rodrigo Vera | ||
| 490 | 0 | |a Caronte Ensayos | |
| 999 | |c 335773 |d 335771 | ||
| 952 | |0 0 |1 0 |4 0 |6 301_000000000000000_CHO_2007 |7 0 |8 A |9 426488 |a BIBHIS |b BIBHIS |d 2019-11-22 |i 4589378 |l 1 |o 301 CHO 2007 |p 4589378 |r 2025-01-20 |s 2023-09-25 |w 2019-11-22 |y BK |k HIS | ||